Tiempo de arena
Enregistré dans:
| Auteur principal: | |
|---|---|
| Format: | Livre |
| Langue: | Undetermined |
| Publié: |
México, Distrito Federal
Fondo de Cultura Económica
1955
|
| Sujets: | |
| Tags: |
Ajouter un tag
Pas de tags, Soyez le premier à ajouter un tag!
|
MARC
| LEADER | 00000nam a2200000Ia 4500 | ||
|---|---|---|---|
| 008 | 170316s9999 xx 000 0 und d | ||
| 040 | |a cru BVZT | ||
| 090 | |a 860 T-6t | ||
| 100 | |a Torres Bodet, Jaime | ||
| 245 | |a Tiempo de arena | ||
| 260 | |a México, Distrito Federal |b Fondo de Cultura Económica |c 1955 | ||
| 300 | |a 349 páginas | ||
| 650 | |a LITERATURA LATINOAMERICANA | ||
| 999 | |c 9281 |d 9281 | ||
| 942 | |c 15 D |h 860 T-6t |2 z | ||
